Príspevok k problémom návrhu prediktívnych samonastavujúcich sa regulátorov pre procesy modelované ortogonálnými funkciami : Dizeratčná práca : ved. odb. 38-01-9 : Dat.obhj. 15.04.1999

Na minha lista:
Detalhes bibliográficos
Autor principal: Hejdiš, Jozef (Author)
Outros Autores: Kozák, Štefan (Thesis advisor)
Formato: Manuscrito Livro
Idioma:eslovaco
Publicado em: Bratislava : STU v Bratislave FEI, 1998
Assuntos:
Tags: Adicionar Tag
Sem tags, seja o primeiro a adicionar uma tag!

MARC

LEADER 00000ntm a22000003a 4500
001 stu50335
005 20160719164859.9
008 990719s1998------------------------slo-d
040 |a STU  |b slo 
041 0 |a slo 
080 |a 681.513.6.01 
080 |a 519.71  |7 stu_us_auth*stu8254 
084 |a C1220  |2 INS 
084 |a C1240  |2 INS 
084 |a C1340E  |2 INS 
100 1 |a Hejdiš, Jozef  |4 aut 
245 1 |a Príspevok k problémom návrhu prediktívnych samonastavujúcich sa regulátorov pre procesy modelované ortogonálnými funkciami :  |b Dizeratčná práca : ved. odb. 38-01-9 : Dat.obhj. 15.04.1999 
260 |a Bratislava :  |b STU v Bratislave FEI,  |c 1998 
300 |a 95 s., Auref. 1998, 15 s 
650 7 |a teória riadiacich systémov  |2 stusub 
650 7 |a adaptívne riadenie  |2 stusub 
650 7 |a samonastavujúce sa systémy  |2 stusub 
650 7 |a adaptívne regulátory  |2 stusub 
650 7 |a prediktívne riadenie  |2 stusub 
700 1 |a Kozák, Štefan  |4 ths  |u E010  |T FEI Ústav riadenia a priemyselnej informatiky  |X 1954  |U E010  |Y E010  |7 1954 
996 |b 284ED00005  |c E*PGŠ-775  |l EE01  |s A  |a 24  |w stu50335_0001